000 01091nas a2200373 4500
001 BR2014006208
003 BR-BrBNA
005 20231205124546.0
007 ta
008 230509b bl.|||p| |||| 00| 00por d
040 _aBR-BrBNA
_bpor
_cBiblioteca Nacional de Agricultura
041 _a(En)
072 _aK50
100 1 _aIwakiri, S.
100 1 _aTrianoski, R.
100 1 _aCunha, A.B. da
100 1 _aCastro, V.G. de
100 1 _aBraz, R.L.
100 1 _aVillas-Boas, B.T.
100 1 _aSanches, F.L.
100 1 _aBellon, K.R. da R.
100 1 _aPinheiro, E.
245 1 _aEvaluation of the quality of particleboard panels manufactured with wood from Sequoia sempervirens and Pinus taeda
650 _aPINHEIRO
650 _aPINUS TAEDA
650 _aPAINEL DE MADEIRA
650 _aQUALIDADE
650 _aRESINA
650 _aANÁLISE FÍSICA
650 _aPROPRIEDADE MECÂNICA
773 0 _tCerne (Brazil)
_xISSN 0104-7760
_g(Apr-Jun 2014), v.20(2) p. 209-216
_wBR2014006208
909 _a202311
_bLúcia
_c55
_dLúcia Elande
942 _2AGRIS
_n0
_cANA
999 _c239711
_d239711